| 000 | 00445nam a2200133Ia 4500 | ||
|---|---|---|---|
| 008 | 231129s9999||||xx |||||||||||||| ||spa|| | ||
| 020 | _a968-7277-47-5 | ||
| 040 | _bspa | ||
| 082 | _aM863 C961sa | ||
| 100 | _aCuautémoc Sánchez Carlos | ||
| 245 | 0 | _aSangre de campeón sin cadenas: La primera novela de asertividad para adolescentes y adultos | |
| 264 | _aEdiciones Selectas Diamante | ||
| 942 |
_2ddc _cBKS |
||
| 999 |
_c24311 _d24311 |
||